000 00900nam a2200253 i 4500
001 15825
003 ES-MaACL
005 20250630032857.0
007 t|
008 000508s1995 sp |||| | spa j
020 _a84-7793-417-7
080 _a336.1/.5(460)"16"
100 1 _aCárceles de Gea, Beatriz.
_935102
245 1 0 _aReforma y fraude fiscal en el reinado de Carlos II
_b: la Sala de Millones : (1658-1700) /
_cBeatriz Cárceles de Gea.
260 _a[Madrid] :
_bBanco de España, Servicio de Estudios,
_c1995.
300 _a154 p ;
_c24 cm.
490 1 _aEstudios de historia económica ;
_v31
650 1 4 _aHacienda pública-
_zEspaña-
_yS.XVII.
_913286
650 1 4 _aFraude fiscal-
_zEspaña-
_yS.XVII.
_912983
710 2 0 _aBanco de España
_92104
830 0 _aEstudios de historia económica ;
_v31
_9179607
852 _aES-MaACL
_jL-23000
999 _c15825
_d15825